Statistics for Belgium World Cup Squad 2014

Click here to take the quiz!

General Stats

  • This quiz has been taken 141 times
  • The average score is 17 of 24

Answer Stats

Hint Answer % Correct
Atletico MadridGKThibaut Courtois
97%
ChelseaFWEden Hazard
96%
Manchester CityDFVincent Kompany
93%
EvertonFWRomelu Lukaku
91%
Manchester UnitedMFMarouane Fellaini
91%
LiverpoolGKSimon Mignolet
91%
TottenhamDFJan Vertonghen
87%
ZenitMFAxel Witsel
86%
NapoliFWDries Mertens
85%
ArsenalDFThomas Vermaelen
82%
EvertonFWKevin Mirallas
81%
WolfsburgMFKevin De Bruyne
81%
TottenhamMFMousa Dembele
77%
Atletico MadridDFToby Alderweireld
75%
Manchester UnitedFWAdnan Januzaj
73%
TottenhamMFNacer Chadli
72%
LilleFWDivock Origi
64%
PortoMFSteven Defour
63%
ZenitDFNicolas Lombaerts
54%
-CoachMarc Wilmots
54%
Bayern MunichDFDaniel van Buyten
50%
AnderlechtDFAnthony Vanden Borre
40%
Standard LiegeDFLaurent Ciman
37%
Zulte WaregemGKSammy Bossut
28%

Score Distribution

Percentile by Number Answered

Percent of People with Each Score

Your Score History

You have not taken this quiz